Visualizzazione normale
Vista MARC
- Iglesias Julio
di Personal Name
Records bibliografici associati: 1
001 - CONTROL NUMBER
- control field: 32026
003 - CONTROL NUMBER IDENTIFIER
- control field: IT-RoPau
005 - DATE AND TIME OF LATEST TRANSACTION
- control field: 20140626104346.0
008 - FIXED-LENGTH DATA ELEMENTS
- fixed length control field: 140626|| aca||aabn | a|a d
040 ## - CATALOGING SOURCE
- Original cataloging agency: IT-RoPau
- Transcribing agency: IT-RoPau
100 ## - HEADING--PERSONAL NAME
- Personal name: Iglesias Julio
- Miscellaneous information: Codice autore SPICS: 8046
- Relator term: Autore
- Name of part/section of a work: 33 anni - Sono sempre io - Seguirò il mio cammino
670 ## - SOURCE DATA FOUND
- Source citation: Work cat.: (IT-RoPau)99590: AA.VV. 794, Julio Iglesias in Italia